Analysis of Existing Waste Management System and Anticipated Energy Potential from Municipal Solid Waste of Nawabshah City (Record no. 67261)

MARC details
000 -LEADER
fixed length control field 00480nam a22001337a 4500
082 ## - DEWEY DECIMAL CLASSIFICATION NUMBER
Classification number R/IMS-19
100 ## - MAIN ENTRY--AUTHOR NAME
Personal name Jalil Ahmed
-- 17MIEM02
245 ## - TITLE STATEMENT
Title Analysis of Existing Waste Management System and Anticipated Energy Potential from Municipal Solid Waste of Nawabshah City
260 ## - PUBLICATION, DISTRIBUTION, ETC. (IMPRINT)
Place of publication Nawabshah
Name of publisher QUEST
Year of publication 2020
300 ## - PHYSICAL DESCRIPTION
Number of Pages 52p.
650 ## - SUBJECT ADDED ENTRY--TOPICAL TERM
Topical Term Industrial Engineering and management
-- Department of Mechanical Engineering
856 ## - ELECTRONIC LOCATION AND ACCESS
Uniform Resource Identifier https://tinyurl.com/4y6wr3dr
942 ## - ADDED ENTRY ELEMENTS (KOHA)
Koha item type Thesis and Dissertation
Holdings
Withdrawn status Lost status Home library Current library Date acquired Full call number Accession Number Koha item type
    Research Section Research Section 26/08/2021 R/IMS-19 MP/64-815 Thesis and Dissertation